| 000 | 00798cam a2200241 a 4500 | ||
|---|---|---|---|
| 001 | 000010069 | ||
| 005 | 20200929161828.0 | ||
| 008 | 091003s1989 sp a 000 f spa d | ||
| 020 | _a8403600046 | ||
| 035 | _a(DLC) 90170803 | ||
| 040 |
_aDO-SdBNP _bspa _cDLC _dDLC _dBNPHU |
||
| 082 |
_a861.6 _bD559ó |
||
| 100 | 1 |
_aDiego, Gerardo, _d1896-1987. _914243 |
|
| 245 | 1 | 0 |
_aObras completas / _cGerardo Diego ; edición, introducción, cronología, bibliografía y notas de Francisco Javier Díez de Revenga. |
| 260 |
_aMadrid : _bAguilar, _c[1989]. |
||
| 300 |
_a2 v. : _bil. ; _c19 cm. |
||
| 650 | 4 |
_aPoesía española _9631 |
|
| 650 | 4 |
_aLiteratura española _9632 |
|
| 700 | 1 |
_aDíez de Revenga, Francisco Javier, _eed. _915666 |
|
| 910 | _aCatalogación derivada | ||
| 910 | _aWM | ||
| 049 | _aBNGR | ||
| 999 |
_c9828 _d9828 |
||